|
|
|
|
| LEADER |
01258nam a2200241 u 4500 |
| 001 |
10000749 |
| 003 |
GR-PaULI |
| 005 |
20210117210435.0 |
| 008 |
881025s2017 gr gre |
| 020 |
|
|
|a 9789609390286
|
| 040 |
|
|
|a GR-PaULI
|c GR-PaULI
|b gre
|e AACR2
|
| 082 |
0 |
4 |
|a 949.59
|2 23
|
| 100 |
1 |
|
|a Μακράκης, Μανόλης Κ.
|d 1962-
|4
|9 104646
|e συγγραφέας.
|
| 245 |
1 |
0 |
|a Ελούντας γένη :
|b η καταγωγή των οικογενειών της Ελούντας και η ιστορική πορεία από το 1800 έως τις μέρες μας /
|c Μανόλης Κ. Μακράκης.
|
| 260 |
|
|
|a Ελούντα :
|b Μακράκης Μανόλης,
|c 2017.
|
| 300 |
|
|
|a 864 σ. :
|b εικ. ;
|c 24 εκ.
|
| 650 |
|
0 |
|9 163813
|a Οικογένεια
|x Ιστορία
|z Ελλάδα
|z Κρήτη
|
| 650 |
|
0 |
|9 163815
|a Ανθρωπολογία
|x Ιστορία
|z Ελλάδα
|z Κρήτη
|
| 651 |
|
4 |
|a Ελούντα (Λασίθι)
|x Ιστορία
|9 104647
|
| 942 |
|
|
|2 ddc
|c BK15
|
| 952 |
|
|
|0 0
|1 0
|2 ddc
|4 0
|6 949_590000000000000_ΜΑΚ
|7 0
|9 214625
|a LISP
|b LISP
|c BSC
|d 2017-08-28
|i 053485
|l 0
|o 949.59 ΜΑΚ
|p 025000104524
|r 2017-08-28 00:00:00
|t 1
|v 2017.00
|w 2017-08-28
|y BK15
|
| 998 |
|
|
|c ΜΠΟΥΡΑΣ
|d 2017-08
|
| 999 |
|
|
|c 130432
|d 130432
|